000 00371nam a2200133Ia 4500
008 151001s9999||||xx |||||||||||||| ||und||
100 _aमधुकर कुलकर्णी
245 _aमाणूस मोठा जिद्दीचा
250 _a1
260 _bकेशरी प्रकाशन
260 _c1971
300 _a308
365 _b8.5
999 _c955295
_d955292